MARC

LEADER 00000nam0a2200000 4500
001 297831
005 20231102001039.0
020 |a RU  |b 84-57288 
035 |a (RuTPU)RU\TPU\book\322966 
090 |a 297831 
100 |a 20150611d1984 km y0rusy5003 ca 
101 0 |a rus 
102 |a RU 
105 |a y z 000zb 
200 1 |a Академик Г. П. Гельмерсен в Карелии  |f В. А. Соколов, Г. А. Эрте 
210 |a Петрозаводск  |c Карелия  |d 1984 
215 |a 65 с. 
600 1 |a Гельмерсен  |b Г. П.  |c академик СПб Академии наук  |c первый директор Геолкома  |f 1803-1885  |g Григорий Петрович  |2 stltpush  |3 (RuTPU)RU\TPU\pers\25010  |9 11143 
606 1 |a Геологи  |x Персоналии  |2 stltpush  |3 (RuTPU)RU\TPU\subj\67544  |9 83301 
610 1 |a геологическая наука 
610 1 |a геология 
610 1 |a Карельская АССР 
610 1 |a геологические исследования 
610 1 |a геологические экспедиции 
610 1 |a Олонецкая губерния 
610 1 |a история 
610 1 |a 19 век 
675 |a 55(092)  |z rus  |v 3 
700 1 |a Соколов  |b В. А.  |g Владимир Алексеевич  |4 070 
701 1 |a Эрте  |b Г. А.  |g Галина Андреевна  |4 070 
801 0 |a RU  |b RuMRKP  |c 19950704  |g psbo 
801 1 |a RU  |b 63413507  |c 20150611 
801 2 |a RU  |b 63413507  |c 20180330  |g RCR 
942 |c BK